Statistiken für Argentinische Fußballer, die die Champions League gewonnen haben

Klicken Sie hier um das Quiz zu spielen!

Allgemein

  • Dieses Quiz wurde 124 mal gespielt
  • Das Durchschnittsergebnis liegt bei 4 aus 10

Antwortstatistiken

SaisonSpieler% Korrekt
08/09, 10/11,
14/15
Lionel Messi
100%
13/14Ángel di María
72%
10/11, 14/15Javier Mascherano
61%
09/10Diego Milito
54%
09/10Javier Zanetti
52%
09/10Esteban Cambiasso
37%
07/08Carlos Tévez
33%
09/10Walter Samuel
22%
97/98, 99/00Fernando Redondo
9%
01/02Santiago Solari
4%

Verteilung der Resultate

Perzentil nach korrekt beantworteten Fragen

Anzahl Personen mit jedem Resultat

Ihre Resultats-Entwicklung

Sie haben dieses Quiz noch nicht gespielt